Clifford va a la escuela / (Record no. 18924)

MARC details
000 -LEADER
fixed length control field 01698nam a2200421Ia 4500
001 - CONTROL NUMBER
control field 232576630
003 - CONTROL NUMBER IDENTIFIER
control field OCoLC
005 - DATE AND TIME OF LATEST TRANSACTION
control field 20171014135031.0
008 - FIXED-LENGTH DATA ELEMENTS--GENERAL INFORMATION
fixed length control field 080624s1999 nyua j 000 1 spa d
020 ## - INTERNATIONAL STANDARD BOOK NUMBER
International Standard Book Number 0439928117
020 ## - INTERNATIONAL STANDARD BOOK NUMBER
International Standard Book Number 9780439928113
035 ## - SYSTEM CONTROL NUMBER
System control number (OCoLC)232576630
040 ## - CATALOGING SOURCE
Original cataloging agency IEP
Language of cataloging eng
Transcribing agency IEP
082 04 - DEWEY DECIMAL CLASSIFICATION NUMBER
Classification number [E]
Edition number 22
099 ## - LOCAL FREE-TEXT CALL NUMBER (OCLC)
Classification number SPA JP BRI
100 1# - MAIN ENTRY--PERSONAL NAME
Personal name Bridwell, Norman.
240 10 - UNIFORM TITLE
Uniform title <a href="Clifford's first school day.">Clifford's first school day.</a>
Language of a work Spanish
Authority record control number http://id.loc.gov/authorities/names/no00048667.
245 10 - TITLE STATEMENT
Title Clifford va a la escuela /
Statement of responsibility, etc. Norman Bridwell ; traducido por Teresa Mlawer.
260 ## - PUBLICATION, DISTRIBUTION, ETC. (IMPRINT)
Place of publication, distribution, etc. New York :
Name of publisher, distributor, etc. Scholastic,
Date of publication, distribution, etc. 2007, c1999.
264 #1 - PRODUCTION, PUBLICATION, DISTRIBUTION, MANUFACTURE, AND COPYRIGHT NOTICE
Place of production, publication, distribution, manufacture New York :
Name of producer, publisher, distributor, manufacturer Scholastic,
Date of production, publication, distribution, manufacture, or copyright notice 2007.
264 #4 - PRODUCTION, PUBLICATION, DISTRIBUTION, MANUFACTURE, AND COPYRIGHT NOTICE
Date of production, publication, distribution, manufacture, or copyright notice c1999.
300 ## - PHYSICAL DESCRIPTION
Extent 32 unnumbered :
Other physical details color illustrations ;
Dimensions 22 cm.
336 ## - CONTENT TYPE
Content type term text
Content type code txt
Source rdacontent.
337 ## - MEDIA TYPE
Media type term unmediated
Media type code n
Source rdamedia.
338 ## - CARRIER TYPE
Carrier type term volume
Carrier type code nc
Source rdacarrier.
385 ## - AUDIENCE CHARACTERISTICS
Demographic group code age
Audience term Children
Source lcdgt.
490 1# - SERIES STATEMENT
Series statement Clifford el gran perro colorado.
520 ## - SUMMARY, ETC.
Summary, etc. Clifford todav©Ưa es cachorrito cuando va por primera vez a la escuela con Emily Elizabeth.
520 ## - SUMMARY, ETC.
Summary, etc. As a small puppy, Clifford the red dog goes to school with Emily Elizabeth and gets into mischievous trouble during the finger painting, cookie baking, and snack time.
650 #0 - SUBJECT ADDED ENTRY--TOPICAL TERM
Topical term or geographic name as entry element Clifford (Fictitious character : Bridwell)
Form subdivision Juvenile fiction.
650 #0 - SUBJECT ADDED ENTRY--TOPICAL TERM
Topical term or geographic name as entry element Dogs
Form subdivision Juvenile fiction.
650 #0 - SUBJECT ADDED ENTRY--TOPICAL TERM
Topical term or geographic name as entry element Schools
Form subdivision Juvenile fiction.
650 #0 - SUBJECT ADDED ENTRY--TOPICAL TERM
Topical term or geographic name as entry element Spanish language materials
Form subdivision Juvenile fiction.
655 #7 - INDEX TERM--GENRE/FORM
Genre/form data or focus term Fiction.
Source of term lcgft
Authority record control number http://id.loc.gov/authorities/genreForms/gf2014026339.
700 1# - ADDED ENTRY--PERSONAL NAME
Personal name Mlawer, Teresa.
800 1# - SERIES ADDED ENTRY--PERSONAL NAME
Personal name Bridwell, Norman.
Title of a work Clifford, the big red dog.
Language of a work Spanish.
942 ## - ADDED ENTRY ELEMENTS (KOHA)
Koha item type Libro/Book
Holdings
Withdrawn status Lost status Damaged status Not for loan Home library Current library Date acquired Inventory number Total Checkouts Barcode Date last seen Date checked out Price effective from Koha item type
        Zaragoza -- Satellite Zaragoza -- Satellite 14/10/2017 Inventory date: 7/7/25 2 35501595 27/04/2024 21/02/2024 14/10/2017 Libro/Book

Powered by Koha